Great expectations (Record no. 30)

MARC details
000 -LEADER
fixed length control field 01029nam a22002417a 4500
001 - CONTROL NUMBER
control field 30
003 - CONTROL NUMBER IDENTIFIER
control field FISKH
005 - DATE AND TIME OF LATEST TRANSACTION
control field 20250930112222.0
008 - FIXED-LENGTH DATA ELEMENTS--GENERAL INFORMATION
fixed length control field 230126b cb ||||| |||| 00| 0 eng d
020 ## - INTERNATIONAL STANDARD BOOK NUMBER
International Standard Book Number 9781407172545
040 ## - CATALOGING SOURCE
Transcribing agency FISKH
Original cataloging agency FISKH
Language of cataloging eng
Modifying agency FISKH
050 ## - LIBRARY OF CONGRESS CALL NUMBER
Classification number PR 4560
Item number .A1
082 ## - DEWEY DECIMAL CLASSIFICATION NUMBER
Classification number 823.8
100 ## - MAIN ENTRY--PERSONAL NAME
Personal name Dickens, Charles.
Dates associated with a name 1812-1870
245 ## - TITLE STATEMENT
Title Great expectations
Statement of responsibility, etc. Charles Dickens
260 ## - PUBLICATION, DISTRIBUTION, ETC.
Place of publication, distribution, etc. London :
Name of publisher, distributor, etc. Scholastic,
Date of publication, distribution, etc. 2017
300 ## - PHYSICAL DESCRIPTION
Extent 598 pages :
Dimensions 20 cm.
520 ## - SUMMARY, ETC.
Summary, etc. Pip is content with his simple life until a bitter gentlewoman employs him as a sometime companion to herself and her adopted daughter. Pip then aspires to become a gentleman himself, though his dreams are unrealistic until the day he mysteriously comes into a fortune and is sent to London to become refined. The story follows Pip's journey into adulthood and emotional maturity and understanding.
521 ## - TARGET AUDIENCE NOTE
Target audience note 1150
Source FISKH
651 0# - SUBJECT ADDED ENTRY--GEOGRAPHIC NAME
Geographic name England
Form subdivision Juvenile fiction
General subdivision social conditions
655 ## - INDEX TERM--GENRE/FORM
Genre/form data or focus term Children's Stories
942 ## - ADDED ENTRY ELEMENTS (KOHA)
Source of classification or shelving scheme Dewey Decimal Classification
Koha item type Books
Suppress in OPAC No
Holdings
Withdrawn status Lost status Source of classification or shelving scheme Damaged status Not for loan Collection Home library Current library Shelving location Date acquired Total Checkouts Full call number Barcode Date last seen Copy number Price effective from Koha item type
    Library of Congress Classification     Juvenile Fiction Footprints International School Library Network Toul Kork Campus Footprints International School Library Network Toul Kork Campus A TK Campus, 4th Floor, Room B401, Fiction Bookcases (1-6) 01/26/2023   DIC 823.83 PR4560 .A1 FISTK05886 10/02/2023 1 01/26/2023 Books
    Library of Congress Classification     Juvenile Fiction Footprints International School Library Network Toul Kork Campus Footprints International School Library Network Toul Kork Campus A TK Campus, 4th Floor, Room B401, Fiction Bookcases (1-6) 09/30/2025   DIC 823.83 PR4560 .A1 FISTK05887 09/30/2025 2 09/30/2025 Books